Регионална библиотека "Любен Каравелов" - Русе

Смелият капитан (Запис номер 168173)

MARC детайли
000 -Лидер
Контролно поле с фиксирана дължина 02166nam a2200433 c 4500
003 - Код на организацията, давaща контролен номер
Контролно поле BLK
005 - Дата и час на последна редакция
Контролно поле 20180422114232.0
008 - Елементи от данни с фиксирана дължина
fixed length control field 180411b bul|||||r ||||||| ||bul||
010 ## - Наследен системен номер
LC control number KNG00176047000
040 ## - Източник на каталожния запис
Идентификатор на билиотеката - собственик на записа BLK
041 ## - Код за език
Код за езика на текст/звукозапис или на отделно заглавие Български
Код за езика КДБФ Български
080 ## - УДК
Текстов определител УДК Българска литература
УДК код - определител по УДК 821.163.2
УДК определител -93-312.6
УДК - код + определител 821.163.2-93-312.6
080 ## - УДК
Текстов определител УДК Възраждане
УДК код - определител по УДК 94(497.2)"17/18"
УДК определител (092)(0:82-31)
УДК - код + определител 94(497.2)"17/18"(092)(0:82-31)
080 ## - УДК
Текстов определител УДК Георги Мамарчев Буюклиу. Български революционер, капитан от руската армия
УДК код - определител по УДК 929 Мамарчев, Георги Стойков
УДК определител
УДК - код + определител 929 Мамарчев, Георги Стойков
100 1# - Редна дума - Автор
Автор Калчев, Камен
Авторска отговорност първи автор
Автор - информация (биография) Калчев, Петър Митев
R(LIN) 367490
139 ## - Редно поле
Редна дума Калчев, Камен
Авторски знак Калч - К 20
245 10 - Сведения за заглавието
Заглавие Смелият капитан
Подзаглавни данни Роман [за капитан Георги Мамарчев] : [За юноши]
Редно поле (дума) Камен Калчев; * Петър Митев Калчев.
250 ## - Област на изданието
Сведения за изданието 8. изд.
257 ## - Страна на издаване
Страна на създаване/издаване България
260 ## - Област на издателските данни
-- София
Име на издателя, разпространителя и проч. ОФ
Година на издаване 1986
300 ## - Физическа характеристика
Страници 240 с.
Размери/Мащаб 21 см
380 ## - Жанр
Жанр Худож. лит.
490 1# - СЕРИИ (Колекции)
Име на серия Български исторически романи
500 ## - Общи забележки
Забележка Авт. не е отбелязан на кор. ; Истинското име на авт. е Петър Митев Калчев. - 1. изд. 1958 на изд. Нар. младеж ; В кн. означено 2. изд. - 25 200 тир.
600 14 - Име на лице, използвано като предмет
За него / За нея Мамарчев, Георги Стойков
9 (RLIN) 223911
650 #4 - Допълнително описание по предмет – тема
Основно описание – тема или топоним Мамарчев, Георги Стойков
9 (RLIN) 223911
651 #4 - Допълнително описание по предмет - топоним
Географско понятие България
9 (RLIN) 241624
653 ## - Ключова дума – ненормативна
Ключова дума Георги Мамарчев
653 ## - Ключова дума – ненормативна
Ключова дума романизувани биографии
653 ## - Ключова дума – ненормативна
Ключова дума българска история
653 ## - Ключова дума – ненормативна
Ключова дума революционери
653 ## - Ключова дума – ненормативна
Ключова дума османско владичество
700 1# - Други автори (авторска отговорност)
Лично име Калчев, Петър Митев
Автороска отговорност (Описва отношението между автора и произведението) *
9 (RLIN) 317810
852 ## - Местоположение
Форматна сигнатура Цб 143554
856 4# - Електронен адрес и достъп
Електронен формат pdf - файл
Път до файла /url/
856 4# - Електронен адрес и достъп
Електронен формат pdf - файл
Път до файла /url/
942 ## - АРТИКУЛИ
Вид на библиотечния материал Книги
Скрит в OPAC Не
944 ## - СЪЗДАВАНЕ И РЕДАКЦИЯ на ЗАПИСА
Създаване/Редакция Създаване
Дата на регистрацията/редакция 01.06.2015
Статус, дата на статуса ф /
Служител, извършил регистрацията/редакцията Людмила_Стоянова
944 ## - СЪЗДАВАНЕ И РЕДАКЦИЯ на ЗАПИСА
Създаване/Редакция Редакция
Дата на регистрацията/редакция 14.09.2017
Статус, дата на статуса ф /
Служител, извършил регистрацията/редакцията Милена_Ачева
999 ## - СИСТЕМНИ КОНТРОЛНИ НОМЕРА
Koha biblionumber 168173
Koha biblioitemnumber 168173
Наличности
Код за отписване Код за изгубен артикул Източник на класификационната схема Код за повреда Коз за рестрикции Код за отдаване Артикулен № Име на библиотеката - собственик Име на библиотеката, в която се намира в момента Статус (Текущо местоположение) Дата на вписване в системата Местоположение - отдел Цена в лева Инвентарен номер Систематично азбучна сигнатура Баркод Номер на екземпляра Цена в евро Служебна бележка Служебен тип на артикула Бележка за публиката
  Не е изгубен Universal Decimal Classification Не е повреден без рестрикции ползва се в читалня 283760 Регионална библиотека "Любен Каравелов" Русе Регионална библиотека "Любен Каравелов" Русе Хранилище 1986-01-01 Хранилище 2.05 457728 Цб 143554 120000457728 1 1.05 Дост: Dp Вид: Д N: стар фонд Дата: 01.01.1986 Книги  
Изтеглен Не е изгубен   Не е повреден без рестрикции заемане за дома 283761 Регионална библиотека "Любен Каравелов" Русе Регионална библиотека "Любен Каравелов" Русе   1986-01-01 Детски отдел 2.05 459225 ДХ 886.7/К 20 459225 2 1.05 Дост: Pk Вид: Ф N: стар фонд Дата: 01.01.1986 Дата инв: 02.09.2015 Бележки инв: Д2015 Книги Отч.N: 33/2017 , Дата: 04.09.2017
Изтеглен Не е изгубен   Не е повреден без рестрикции заемане за дома 283762 Регионална библиотека "Любен Каравелов" Русе Регионална библиотека "Любен Каравелов" Русе   1986-01-01 Детски отдел 2.05 459227 ДХ 886.7/К 20 459227 3 1.05 Дост: Pk Вид: Ф N: стар фонд Дата: 01.01.1986 Дата инв: 02.09.2015 Бележки инв: Д2015 Книги Отч.N: 26/2017 , Дата: 15.08.2017
Изтеглен Не е изгубен   Не е повреден без рестрикции заемане за дома 283763 Регионална библиотека "Любен Каравелов" Русе Регионална библиотека "Любен Каравелов" Русе   1986-01-01 Детски отдел 2.05 459228 ДХ 886.7/К 20 459228 4 1.05 Дост: Pk Вид: Ф N: стар фонд Дата: 01.01.1986 Дата инв: 02.09.2015 Бележки инв: Д2015 Книги Отч.N: 33/2017 , Дата: 04.09.2017
Изтеглен Не е изгубен Universal Decimal Classification Не е повреден без рестрикции заемане за дома 283764 Регионална библиотека "Любен Каравелов" Русе Регионална библиотека "Любен Каравелов" Русе Детски отдел 1986-01-01 Детски отдел 2.05 459229 ДХ 886.7/К 20 459229 5 1.05 Дост: Pk Вид: Ф N: стар фонд Дата: 01.01.1986 Дата инв: 02.09.2015 Бележки инв: Д2015 Книги  
Изтеглен Не е изгубен   Не е повреден без рестрикции заемане за дома 283765 Регионална библиотека "Любен Каравелов" Русе Регионална библиотека "Любен Каравелов" Русе   1986-01-01 Детски отдел 2.05 459230 ДХ 886.7/К 20 459230 6 1.05 Дост: Pk Вид: Ф N: стар фонд Дата: 01.01.1986 Дата инв: 02.09.2015 Бележки инв: Д2015 Книги Отч.N: 33/2017 , Дата: 04.09.2017
Изтеглен Не е изгубен Universal Decimal Classification Не е повреден без рестрикции заемане за дома 283766 Регионална библиотека "Любен Каравелов" Русе Регионална библиотека "Любен Каравелов" Русе Заемна - подръчен фонд 1986-01-01 Заемна - подръчен фонд   469843 П 886.7-31/К 20 469843 7 0.00 Дост: Pk Вид: Ф N: стар фонд Дата: 01.01.1986 Книги  
Vip Innovations Ltd, Rousse, Bulgaria 2025